Seri Padma

Bibliographic Details
Main Author: Siti Zainon Ismail
Format: Book
Published: Kuala Lumpur : DBP , 1987
Subjects:

MARC

LEADER 00000cam a2200000 7i4500
001 0000007236
002 000007785
005 20020111.0
020 |a 89329195102 
090 0 0 |a F   |b SIT 
100 0 |a Siti Zainon Ismail 
245 1 0 |a Seri Padma   |c Siti Zainon Ismail 
260 |a Kuala Lumpur :   |b DBP ,   |c 1987 
300 |a 95p. ;   |c 18cm. 
650 0 0 |a Malay fiction 
999 |a 055227   |b BUKU   |c FICTION   |e PERPUSTAKAAN KOMUNITI CAW KOTA DAMANSARA